000 00471nam a2200181Ia 4500
005 20250508162529.0
008 008 250505s9999 xx 000 0 eng d
037 _aTextual
040 _aFEDL
_beng
_cFEDL
041 _aeng
_2eng
084 _a194, KHE
_qFEDL
100 _aKhetan Prabha
245 0 _aSartre ka astitwavad
260 _aDelhi, India
_bSaraswati Vihar
_c1984
300 _a199p
942 _cTEXL
_h194, KHE
999 _c1377124
_d1377124